| 000 | 00573nam a2200193Ia 4500 | ||
|---|---|---|---|
| 008 | 140429s9999 xx 000 0 und d | ||
| 020 | _a9781606491188 | ||
| 050 |
_aHD 37 _b.H145 2010 |
||
| 100 | _aHaghirian, Parissa | ||
| 245 |
_aUnderstanding Japanese management practices / _cParissa Haghirian. |
||
| 250 | _a1st ed. | ||
| 260 |
_aNew York : _bBusiness Expert Press, _cc2010. |
||
| 300 |
_a160 p. : _c23 cm. |
||
| 500 | _aIncludes bibliographical references and index. | ||
| 521 | _aBSBA | ||
| 650 |
_aManagement _xJapan. |
||
| 942 |
_kFOR _cBK |
||
| 999 |
_c115736 _d115736 |
||